INNOVATIONS IN PUBLIC ADMINISTRATION (Record no. 3105)

MARC details
000 -LEADER
fixed length control field 00350nam a2200133Ia 4500
008 - FIXED-LENGTH DATA ELEMENTS--GENERAL INFORMATION
fixed length control field 240624s9999 xx 000 0 und d
041 ## - LANGUAGE CODE
Language code of text/sound track or separate title eng
082 ## - DEWEY DECIMAL CLASSIFICATION NUMBER
Classification number 658.4092 GAD
100 ## - MAIN ENTRY--PERSONAL NAME
Personal name GADKARI S S
245 ## - TITLE STATEMENT
Title INNOVATIONS IN PUBLIC ADMINISTRATION
260 ## - PUBLICATION, DISTRIBUTION, ETC.
Date of publication, distribution, etc. 2001
Place of publication, distribution, etc. New Delhi
Name of publisher, distributor, etc. Allied Publisher
300 ## - PHYSICAL DESCRIPTION
Extent xxiii, : 125 : p. : cm. ; 25
365 ## - TRADE PRICE
Currency code RS
Holdings
Withdrawn status Lost status Damaged status Not for loan Home library Current library Shelving location Date acquired Source of acquisition Cost, normal purchase price Full call number Barcode Date last seen Copy number Price effective from Koha item type
        IMTN IMTN Rack 30-B 01/03/2006 AP 195.00 658.4092 GAD 3105 06/24/2024 1 06/24/2024 Books
Designed & Maintained by: LRC IMT Nagpur Contact: lrc@imtnag.ac.in© 2024. All Rights Reserved.